000 00886cam a2200217 i 4500
999 _c57861
_d57861
001 18850009
005 20221111100854.0
008 151109s2015 enka b 001 0 eng
020 _a9781626372566x
080 _a327.1 T-44
245 0 4 _aThe European Union and the member states /
_cedited by Eleanor E. Zeff and Ellen B. Pirro.
250 _aThird edition.
264 1 _aBoulder :
_bLynne Rienner Publishers,
_c2015.
300 _a471 pages :
_billustrations ;
_c24 cm.
653 _aThe European Union and the Member States
653 _aЕвропейский союз и государства-члены
653 _aევროკავშირი და წევრი სახელმწიფოები
700 1 _aZeff, Eleanor E.,
_d
_910572
_eრედაქტორი
700 1 _aPirro, Ellen B.
_910573
_eრედაქტორი
942 _2udc
_cBK